| 000 | 00843nas a2200289 4500 | ||
|---|---|---|---|
| 001 | BR8304157 | ||
| 003 | BR-BrBNA | ||
| 005 | 20231205085644.0 | ||
| 007 | ta | ||
| 008 | 230509b bl.|||p| |||| 00| 00por d | ||
| 040 |
_aBR-BrBNA _bpor _cBiblioteca Nacional de Agricultura |
||
| 041 | _a(Pt) | ||
| 072 | _aF22; F23 | ||
| 100 | 1 | _aSantos Filho, A. | |
| 100 | 1 | _aTourinho, L.C.N. | |
| 245 | 1 | _aPodzol hidromorfico da faixa litoranea paranaense [Brasil] | |
| 650 | _aANALISE QUIMICA | ||
| 650 | _aGRANULOMETRIA | ||
| 650 | _aANALISE DO SOLO | ||
| 650 | _aPODZOLICO | ||
| 650 | _aLITORAL | ||
| 650 | _aSOLO HIDROMORFICO | ||
| 650 | _aPARANÁ | ||
| 773 | 0 |
_tRevista do Setor de Ciencias Agrarias (Brazil) _xISSN 0100-607X _g(1983), v. 5(1-2) p. 95-97 _wBR8304157 |
|
| 909 |
_a202311 _bLúcia _c55 _dLúcia Elande |
||
| 942 |
_2AGRIS _n0 _cANA |
||
| 999 |
_c112841 _d112841 |
||